000 00993nam a2200241 i 4500
001 159498
003 ES-MaACL
005 20250905135258.0
008 051011s1886 fr | |||||||| ||fre d
040 _aCAM
_bspa
_cCAM
080 _a821.133.1-31"12"
130 0 _aEstoire de Merlin.
_9161450
245 1 0 _aMerlin
_b: roman en prose du XIIIe siècle /
_cpubliée avec la mise en prose du poème de Merlin de Robert de Boron d'aprés le manuscrit appartenant à Alfred H. Huth ; par Gaston Paris et Jacob Ulrich.
260 _aParis :
_bFirmin Didot et Cie.,
_c1886 (
_eLe Puy :
_fImprimerie de Marchesson fils)
300 _a2 v. ([4], XCI, 280; 308 p.) ;
_c24 cm.
490 1 _aSociètè des Anciens Textes Français
700 1 _aParis, Gaston,
_d1839-1903
_989136
700 0 _aUlrich, Jacob.
_9111956
700 0 _aRobert de Boron.
_997817
830 0 _aSociètè des Anciens Textes Français
_9188203
852 _aES-MaACL
_jC-3181-82
_z-- Enc. tela
999 _c159498
_d159498